[Event "Myriam Roy op"]
[Site "Varennes CAN"]
[Date "2005.12.02"]
[Round "1"]
[White "Desjardins, Michel"]
[Black "Clark Foulquier, Stephen Philip"]
[Result "0-1"]
[WhiteElo "1886"]
[BlackElo "2119"]
[PlyCount "48"]
[GameId "2160767910838176"]
[EventDate "2005.12.02"]
[EventType "swiss"]
[EventRounds "5"]
[EventCountry "CAN"]
[SourceTitle "EXT 2009"]
[Source "ChessBase"]
[SourceDate "2008.11.26"]
[SourceVersion "1"]
[SourceVersionDate "2008.11.26"]
[SourceQuality "1"]

1. e4 d5 2. exd5 Nf6 3. d4 Bg4 4. Be2 Bxe2 5. Qxe2 Qxd5 6. Nf3 Nc6 7. c4 Qf5 8. O-O O-O-O 9. d5 Nb4 10. Nd4 Qd3 11. Qxd3 Nxd3 12. Nf3 e5 13. Rd1 e4 14. Ng5 Bc5 15. Nxf7 Rdf8 16. Nxh8 Ng4 17. Rf1 Nxc1 18. Nc3 Nxf2 19. Raxc1 Nd1+ 20. Rf2 Bxf2+ 21. Kh1 Nxc3 22. bxc3 e3 23. Rc2 Be1 24. g3 Bd2 0-1

[Event "Myriam Roy op"]
[Site "Varennes CAN"]
[Date "2005.12.02"]
[Round "1"]
[White "Forget, David"]
[Black "Rozybakiyev, Rasul"]
[Result "0-1"]
[WhiteElo "2004"]
[BlackElo "1751"]
[PlyCount "58"]
[GameId "2160767910838177"]
[EventDate "2005.12.02"]
[EventType "swiss"]
[EventRounds "5"]
[EventCountry "CAN"]
[SourceTitle "EXT 2009"]
[Source "ChessBase"]
[SourceDate "2008.11.26"]
[SourceVersion "1"]
[SourceVersionDate "2008.11.26"]
[SourceQuality "1"]

1. d4 d5 2. c4 e6 3. Nc3 Nf6 4. Bg5 Be7 5. e3 c5 6. cxd5 Nxd5 7. Bxe7 Qxe7 8. Nxd5 exd5 9. Rc1 c4 10. Ne2 O-O 11. Nc3 Rd8 12. g3 Nc6 13. Bg2 Be6 14. a3 a6 15. O-O Rac8 16. Qc2 b5 17. e4 Nxd4 18. Qd1 dxe4 19. Nxe4 Nb3 20. Qh5 Nxc1 21. Rxc1 Bd5 22. Ng5 h6 23. Nf3 Bxf3 24. Qxf3 Rd2 25. Qb7 Qxb7 26. Bxb7 Rcd8 27. Rb1 Rd1+ 28. Rxd1 Rxd1+ 29. Kg2 Rd2 0-1

[Event "Myriam Roy op"]
[Site "Varennes CAN"]
[Date "2005.12.02"]
[Round "1"]
[White "Le Duin, Thierry"]
[Black "Gauthier, Denis"]
[Result "1-0"]
[WhiteElo "2157"]
[BlackElo "1884"]
[PlyCount "61"]
[GameId "2160767910838179"]
[EventDate "2005.12.02"]
[EventType "swiss"]
[EventRounds "5"]
[EventCountry "CAN"]
[SourceTitle "EXT 2009"]
[Source "ChessBase"]
[SourceDate "2008.11.26"]
[SourceVersion "1"]
[SourceVersionDate "2008.11.26"]
[SourceQuality "1"]

1. d4 Nf6 2. Nf3 e6 3. Bg5 h6 4. Bh4 g5 5. Bg3 Ne4 6. Nbd2 Nxg3 7. hxg3 Bg7 8. e3 d6 9. Bd3 Nc6 10. c3 Qe7 11. Qc2 Bd7 12. b4 O-O-O 13. b5 Nb8 14. a4 f5 15. a5 c5 16. bxc6 Bxc6 17. Rb1 Bf6 18. c4 Qc7 19. Rc1 Na6 20. Bxf5 Bd7 21. Be4 Qxa5 22. Rb1 Bc6 23. Bxc6 bxc6 24. Qe4 Kd7 25. Rb7+ Nc7 26. d5 cxd5 27. cxd5 Kc8 28. dxe6 Qa1+ 29. Rb1 Qa6 30. e7 Rde8 31. Qf5+ 1-0

[Event "Myriam Roy op"]
[Site "Varennes CAN"]
[Date "2005.12.03"]
[Round "2"]
[White "Clark Foulquier, Stephen Philip"]
[Black "Hajiyev, Elshad"]
[Result "0-1"]
[WhiteElo "2119"]
[BlackElo "1972"]
[PlyCount "66"]
[GameId "2160767910838182"]
[EventDate "2005.12.02"]
[EventType "swiss"]
[EventRounds "5"]
[EventCountry "CAN"]
[SourceTitle "EXT 2009"]
[Source "ChessBase"]
[SourceDate "2008.11.26"]
[SourceVersion "1"]
[SourceVersionDate "2008.11.26"]
[SourceQuality "1"]

1. d4 f5 2. Bf4 Nf6 3. e3 e6 4. Nd2 d5 5. Ngf3 Bd6 6. Ne5 O-O 7. Bd3 Qe7 8. Bg5 h6 9. Bh4 g5 10. Ng6 Qg7 11. Nxf8 gxh4 12. Nxe6 Bxe6 13. Qe2 c5 14. c3 c4 15. Bc2 Nc6 16. f3 Re8 17. Qf2 Qg5 18. O-O-O b5 19. f4 Qh5 20. Rdg1 Ng4 21. Qf3 Bf7 22. Re1 b4 23. Ba4 bxc3 24. bxc3 Ba3+ 25. Kc2 Qg6 26. h3 Rb8 27. Rb1 Be8 28. Qxd5+ Kf8 29. hxg4 Nxd4+ 30. cxd4 Bxa4+ 31. Kc3 Re8 32. Nxc4 fxg4 33. Rhe1 Qc2# 0-1

[Event "Myriam Roy op"]
[Site "Varennes CAN"]
[Date "2005.12.03"]
[Round "2"]
[White "Rainton, Jean-Pierre"]
[Black "Forget, David"]
[Result "1-0"]
[WhiteElo "1678"]
[BlackElo "2004"]
[PlyCount "75"]
[GameId "2160767910838185"]
[EventDate "2005.12.02"]
[EventType "swiss"]
[EventRounds "5"]
[EventCountry "CAN"]
[SourceTitle "EXT 2009"]
[Source "ChessBase"]
[SourceDate "2008.11.26"]
[SourceVersion "1"]
[SourceVersionDate "2008.11.26"]
[SourceQuality "1"]

1. e4 e6 2. d4 d5 3. Nc3 Bb4 4. e5 c5 5. a3 Bxc3+ 6. bxc3 Ne7 7. Nf3 Nbc6 8. a4 Qa5 9. Qd2 Bd7 10. Be2 Nf5 11. g4 Nfe7 12. O-O h5 13. h3 hxg4 14. hxg4 O-O-O 15. Kg2 f6 16. Qe3 f5 17. g5 Ng6 18. Bd2 c4 19. Bc1 Nce7 20. Ba3 Bxa4 21. Bb4 Qa6 22. Qc1 Rh7 23. Qa3 Nf4+ 24. Kg3 Nxe2+ 25. Kg2 Ng6 26. Ng1 Nh4+ 27. Kh2 Nf3+ 28. Kg2 Nh4+ 29. Kh2 Nxg1 30. Kxg1 Nf3+ 31. Kg2 Nxg5 32. Be7 Rd7 33. Bxg5 Bxc2 34. Qc5+ Qc6 35. Qxa7 Be4+ 36. f3 Bd3 37. Rh1 Rxh1 38. Rxh1 1-0

[Event "Myriam Roy op"]
[Site "Varennes CAN"]
[Date "2005.12.03"]
[Round "2"]
[White "Rozybakiyev, Rasul"]
[Black "Bolduc, Steve"]
[Result "0-1"]
[WhiteElo "1751"]
[BlackElo "2274"]
[PlyCount "58"]
[GameId "2160767910838186"]
[EventDate "2005.12.02"]
[EventType "swiss"]
[EventRounds "5"]
[EventCountry "CAN"]
[SourceTitle "EXT 2009"]
[Source "ChessBase"]
[SourceDate "2008.11.26"]
[SourceVersion "1"]
[SourceVersionDate "2008.11.26"]
[SourceQuality "1"]

1. e4 c5 2. c3 Nf6 3. e5 Nd5 4. d4 cxd4 5. cxd4 d6 6. Nf3 Nc6 7. Be2 e6 8. O-O Be7 9. exd6 Qxd6 10. Nc3 Nxc3 11. bxc3 O-O 12. Be3 b6 13. Qd2 Bb7 14. Rfd1 Rfd8 15. Rab1 Rac8 16. c4 Qc7 17. Rb5 Na5 18. Bf4 Bd6 19. Bxd6 Rxd6 20. c5 Rdd8 21. Rdb1 Be4 22. R1b2 Bxf3 23. gxf3 Nc6 24. cxb6 axb6 25. d5 Ne7 26. Rxb6 Rxd5 27. Bd3 Qc1+ 28. Qxc1 Rxc1+ 29. Bf1 Rg5+ 0-1

[Event "Myriam Roy op"]
[Site "Varennes CAN"]
[Date "2005.12.03"]
[Round "3"]
[White "Hajiyev, Elshad"]
[Black "Bolduc, Steve"]
[Result "0-1"]
[WhiteElo "1972"]
[BlackElo "2274"]
[PlyCount "98"]
[GameId "2160767910838188"]
[EventDate "2005.12.02"]
[EventType "swiss"]
[EventRounds "5"]
[EventCountry "CAN"]
[SourceTitle "EXT 2009"]
[Source "ChessBase"]
[SourceDate "2008.11.26"]
[SourceVersion "1"]
[SourceVersionDate "2008.11.26"]
[SourceQuality "1"]

1. d4 Nf6 2. Nf3 e6 3. Bg5 h6 4. Bxf6 Qxf6 5. e4 d6 6. Bd3 Qd8 7. Nbd2 Be7 8. c3 b6 9. Qa4+ c6 10. d5 Bd7 11. dxe6 Bxe6 12. O-O O-O 13. Nd4 Bd7 14. Nf5 Bxf5 15. exf5 d5 16. Rfe1 Bf6 17. Rad1 Qc7 18. Nf1 Nd7 19. Bb1 Rfe8 20. Ng3 Re5 21. Kf1 Rae8 22. Rxe5 Rxe5 23. Re1 Rxe1+ 24. Kxe1 Bg5 25. Qg4 Nf6 26. Qe2 Qf4 27. Bc2 Kf8 28. h3 Qc4 29. Bd1 Qf4 30. Bc2 c5 31. Nf1 Qc1+ 32. Bd1 Qb1 33. Qe5 Bc1 34. Qb8+ Ne8 35. Ke2 Qxb2+ 36. Kf3 Qxc3+ 37. Ne3 Bxe3 38. fxe3 d4 39. Qe5 f6 40. Qe4 Qxe3+ 41. Qxe3 dxe3 42. Kxe3 b5 43. Ke4 Nc7 44. a4 a6 45. a5 Ke7 46. Bf3 Kd6 47. Kf4 Nd5+ 48. Kg4 c4 49. Kh5 Ne7 0-1

[Event "Myriam Roy op"]
[Site "Varennes CAN"]
[Date "2005.12.03"]
[Round "3"]
[White "Rozybakiyev, Rasul"]
[Black "Ye, Ling Feng"]
[Result "0-1"]
[WhiteElo "1751"]
[BlackElo "2090"]
[PlyCount "124"]
[GameId "2160767910838191"]
[EventDate "2005.12.02"]
[EventType "swiss"]
[EventRounds "5"]
[EventCountry "CAN"]
[SourceTitle "EXT 2009"]
[Source "ChessBase"]
[SourceDate "2008.11.26"]
[SourceVersion "1"]
[SourceVersionDate "2008.11.26"]
[SourceQuality "1"]

1. e4 c5 2. c3 Nf6 3. e5 Nd5 4. d4 cxd4 5. cxd4 e6 6. Bc4 d6 7. Nf3 Nc6 8. O-O Be7 9. Nc3 Nxc3 10. bxc3 dxe5 11. Nxe5 Nxe5 12. dxe5 Qxd1 13. Rxd1 O-O 14. Be3 b6 15. Bb5 Rb8 16. Bc6 Bb7 17. Rd7 Bxc6 18. Rxe7 Rb7 19. Rxb7 Bxb7 20. Rd1 Bd5 21. a4 Rc8 22. Bd4 Rb8 23. Rb1 Rb7 24. a5 bxa5 25. Rxb7 Bxb7 26. Bxa7 Kf8 27. f3 Ke7 28. Kf2 Kd7 29. Ke3 Kc6 30. Kd4 Kb5 31. Kd3 Bd5 32. Bb8 Bc4+ 33. Kc2 Bf1 34. g3 Kc4 35. Bd6 Bg2 36. f4 Be4+ 37. Kb2 a4 38. Ka3 Bc2 39. g4 g6 40. Kb2 Bb3 41. h4 Kd3 42. Be7 Ke4 43. Bg5 Kf3 44. Ka3 Kxg4 45. c4 Bxc4 46. Kxa4 Kh5 47. Kb4 Bd5 48. Kc5 h6 49. Bf6 Kg4 50. Kd6 Kxf4 51. Ke7 Kf5 52. Kxf7 g5 53. h5 g4 54. Bh4 Kxe5 55. Kg7 Kf4 56. Kxh6 e5 57. Kg7 g3 58. h6 Be4 59. h7 Bxh7 60. Kxh7 g2 61. Bf2 Kf3 62. Bg1 e4 0-1

[Event "Myriam Roy op"]
[Site "Varennes CAN"]
[Date "2005.12.03"]
[Round "3"]
[White "Trottier, Alain"]
[Black "Clark Foulquier, Stephen Philip"]
[Result "0-1"]
[WhiteElo "1940"]
[BlackElo "2119"]
[PlyCount "68"]
[GameId "2160767910838193"]
[EventDate "2005.12.02"]
[EventType "swiss"]
[EventRounds "5"]
[EventCountry "CAN"]
[SourceTitle "EXT 2009"]
[Source "ChessBase"]
[SourceDate "2008.11.26"]
[SourceVersion "1"]
[SourceVersionDate "2008.11.26"]
[SourceQuality "1"]

1. Nf3 d5 2. g3 Nf6 3. Bg2 Bf5 4. O-O e6 5. d4 h6 6. c4 c6 7. Nc3 Bd6 8. Re1 Nbd7 9. Nd2 O-O 10. e4 dxe4 11. Ndxe4 Nxe4 12. Nxe4 Bb4 13. Re3 Nf6 14. Nxf6+ Qxf6 15. Rb3 a5 16. a3 Qg6 17. axb4 Bc2 18. Qf3 Bxb3 19. Qxb3 axb4 20. Rxa8 Rxa8 21. Qe3 Ra1 22. Be4 Qg5 23. f4 Qg4 24. Qe1 g5 25. Kg2 gxf4 26. Bf3 Qf5 27. Be4 Rxc1 28. Qxc1 Qxe4+ 29. Kh3 Qf5+ 30. Kg2 Qe4+ 31. Kh3 f3 32. Qf4 f5 33. Qxe4 fxe4 34. g4 h5 0-1

[Event "Myriam Roy op"]
[Site "Varennes CAN"]
[Date "2005.12.04"]
[Round "4"]
[White "Clark Foulquier, Stephen Philip"]
[Black "Ye, Ling Feng"]
[Result "0-1"]
[WhiteElo "2119"]
[BlackElo "2090"]
[PlyCount "78"]
[GameId "2160767910838195"]
[EventDate "2005.12.02"]
[EventType "swiss"]
[EventRounds "5"]
[EventCountry "CAN"]
[SourceTitle "EXT 2009"]
[Source "ChessBase"]
[SourceDate "2008.11.26"]
[SourceVersion "1"]
[SourceVersionDate "2008.11.26"]
[SourceQuality "1"]

1. d4 Nf6 2. Nf3 g6 3. Bf4 d5 4. e3 Bg7 5. h3 O-O 6. Nbd2 Nbd7 7. c3 Re8 8. Bh2 a6 9. a4 b6 10. Bd3 Bb7 11. O-O c5 12. Qe2 c4 13. Bc2 b5 14. a5 Ne4 15. Nxe4 dxe4 16. Ng5 Nf6 17. f3 exf3 18. gxf3 h6 19. Nxf7 Kxf7 20. Qg2 g5 21. h4 Rg8 22. Kf2 g4 23. e4 h5 24. Ke2 gxf3+ 25. Rxf3 Bc8 26. Raf1 Bh6 27. Rg3 Bg4+ 28. Ke1 Ke8 29. e5 Nd5 30. Qe4 Bf4 31. e6 Qd6 32. Re3 Bxh2 33. Qh7 Bxe6 34. Qe4 Nxe3 35. Qxa8+ Kd7 36. Qb7+ Qc7 37. Qxa6 Nxf1 38. Qxb5+ Qc6 39. Qxc6+ Kxc6 0-1

[Event "Myriam Roy op"]
[Site "Varennes CAN"]
[Date "2005.12.04"]
[Round "4"]
[White "Crete, Michel"]
[Black "Rainton, Jean-Pierre"]
[Result "1-0"]
[WhiteElo "1910"]
[BlackElo "1678"]
[PlyCount "113"]
[GameId "2160767910838196"]
[EventDate "2005.12.02"]
[EventType "swiss"]
[EventRounds "5"]
[EventCountry "CAN"]
[SourceTitle "EXT 2009"]
[Source "ChessBase"]
[SourceDate "2008.11.26"]
[SourceVersion "1"]
[SourceVersionDate "2008.11.26"]
[SourceQuality "1"]

1. d4 Nf6 2. Nf3 g6 3. Nc3 Bg7 4. e4 d6 5. h3 O-O 6. Be3 Nbd7 7. Bc4 c6 8. a4 Nxe4 9. Nxe4 d5 10. Bd3 dxe4 11. Bxe4 Nf6 12. Bd3 Nd5 13. Qd2 Qc7 14. O-O c5 15. Be4 Nf6 16. Bd3 c4 17. Be2 Ne4 18. Qd1 Rd8 19. Qc1 Be6 20. Bf4 Qc6 21. c3 Bd5 22. Re1 Rac8 23. Bf1 a6 24. Ne5 Nd6 25. Bh6 Qc7 26. Bxg7 Kxg7 27. Ng4 a5 28. Qg5 Nf5 29. Ne3 Nxe3 30. Rxe3 f6 31. Qh4 b5 32. axb5 Rb8 33. b6 Rxb6 34. Rxa5 Rxb2 35. Rc5 Qb7 36. Qg3 Rd7 37. Bxc4 Bxc4 38. Rxc4 Qa6 39. Rc7 Rb1+ 40. Kh2 Rb7 41. Rxd7 Rxd7 42. Qb8 Qc4 43. Qe8 Qc7+ 44. g3 Qb7 45. c4 Qc7 46. c5 Qd8 47. Qxd8 Rxd8 48. Rxe7+ Kf8 49. Re4 f5 50. Rf4 Ke7 51. g4 Ke6 52. gxf5+ gxf5 53. Kg3 Rg8+ 54. Kf3 Rf8 55. Ke3 Kd5 56. Kd3 Ra8 57. Rxf5+ 1-0

[Event "Myriam Roy op"]
[Site "Varennes CAN"]
[Date "2005.12.04"]
[Round "4"]
[White "Hajiyev, Elshad"]
[Black "Le Duin, Thierry"]
[Result "1-0"]
[WhiteElo "1972"]
[BlackElo "2157"]
[PlyCount "93"]
[GameId "2160767910838197"]
[EventDate "2005.12.02"]
[EventType "swiss"]
[EventRounds "5"]
[EventCountry "CAN"]
[SourceTitle "EXT 2009"]
[Source "ChessBase"]
[SourceDate "2008.11.26"]
[SourceVersion "1"]
[SourceVersionDate "2008.11.26"]
[SourceQuality "1"]

1. Nf3 Nf6 2. d4 c5 3. d5 d6 4. c4 b5 5. cxb5 a6 6. e3 g6 7. Nc3 Bg7 8. bxa6 Bxa6 9. Be2 O-O 10. O-O Nbd7 11. e4 Nb6 12. Ne1 Bxe2 13. Qxe2 Na4 14. Nd1 Nd7 15. f4 Rb8 16. Nf3 Qc7 17. Rb1 Rb7 18. Qc2 Ra8 19. b3 Qb8 20. f5 Ne5 21. Nxe5 Bxe5 22. Bh6 Nb6 23. Ne3 Bd4 24. Kh1 Rba7 25. a4 Nd7 26. Ng4 Ne5 27. Qe2 Rb7 28. Nxe5 Bxe5 29. Qf3 Bf6 30. fxg6 hxg6 31. Bg5 Qd8 32. e5 dxe5 33. d6 Raa7 34. dxe7 Bxe7 35. Qxf7+ Kh8 36. Bxe7 Rxe7 37. Qxg6 Rg7 38. Qh6+ Kg8 39. Qe6+ Kh8 40. Qxe5 Qa8 41. Rb2 Rae7 42. Qxc5 Ref7 43. Rbf2 Rxg2 44. Qh5+ Rh7 45. Rf8+ Rg8+ 46. Rxa8 Rxh5 47. Rxg8+ 1-0

[Event "Myriam Roy op"]
[Site "Varennes CAN"]
[Date "2005.12.04"]
[Round "5"]
[White "Gauthier, Denis"]
[Black "Clark Foulquier, Stephen Philip"]
[Result "0-1"]
[WhiteElo "1884"]
[BlackElo "2119"]
[PlyCount "134"]
[GameId "2160767910838201"]
[EventDate "2005.12.02"]
[EventType "swiss"]
[EventRounds "5"]
[EventCountry "CAN"]
[SourceTitle "EXT 2009"]
[Source "ChessBase"]
[SourceDate "2008.11.26"]
[SourceVersion "1"]
[SourceVersionDate "2008.11.26"]
[SourceQuality "1"]

1. d4 d5 2. c4 c6 3. Nf3 Nf6 4. Nc3 dxc4 5. e4 b5 6. e5 Nd5 7. a4 e6 8. axb5 Nxc3 9. bxc3 cxb5 10. Ng5 Bb7 11. Qh5 g6 12. Qg4 Be7 13. Be2 Nd7 14. h4 h5 15. Qg3 Bxg5 16. Bxg5 Qc7 17. O-O Nb6 18. Rfb1 Qd7 19. Ra5 a6 20. Bf6 Rh7 21. Bf3 Qc7 22. Raa1 Bxf3 23. Qxf3 Qc8 24. Bg5 Nd5 25. Bc1 Kd7 26. Ba3 Qb7 27. Bc5 Kc6 28. Ra5 Kd7 29. Rba1 Kc8 30. Rb1 Rh8 31. Rba1 Rd8 32. R5a3 Rd7 33. Kh2 Qc6 34. Qg3 Kb7 35. Qg5 Nb6 36. Qe3 Na4 37. Bd6 Rxd6 38. exd6 Qxd6+ 39. g3 Ra7 40. Qf3+ Kb6 41. Qe3 Qd5 42. Rb1 Kc6 43. Raa1 Nb6 44. Re1 Nd7 45. Qf4 Qf5 46. Qe3 Nb6 47. d5+ Qxd5 48. Rad1 Qc5 49. Qf3+ Nd5 50. Rd4 a5 51. Kh3 b4 52. Ree4 Kb5 53. Rxc4 Qxc4 54. Rxc4 Kxc4 55. cxb4 axb4 56. Qe2+ Kc5 57. Qc2+ Nc3 58. Qd3 Ra2 59. Kg2 Kb6 60. Qc4 Ka5 61. Qb3 Rd2 62. Kf3 Re2 63. Qc4 f5 64. Qf4 Ra2 65. Qe3 Re2 66. Qg5 e5 67. Qxg6 e4+ 0-1

[Event "Myriam Roy op"]
[Site "Varennes CAN"]
[Date "2005.12.04"]
[Round "5"]
[White "Le Duin, Thierry"]
[Black "Rozybakiyev, Rasul"]
[Result "1-0"]
[WhiteElo "2157"]
[BlackElo "1751"]
[PlyCount "97"]
[GameId "2160767910838204"]
[EventDate "2005.12.02"]
[EventType "swiss"]
[EventRounds "5"]
[EventCountry "CAN"]
[SourceTitle "EXT 2009"]
[Source "ChessBase"]
[SourceDate "2008.11.26"]
[SourceVersion "1"]
[SourceVersionDate "2008.11.26"]
[SourceQuality "1"]

1. d4 d5 2. Nf3 Nf6 3. c3 e6 4. Bg5 Be7 5. Nbd2 b6 6. e3 Bb7 7. Bd3 c5 8. Ne5 O-O 9. f4 Nbd7 10. Qf3 Rc8 11. h4 c4 12. Bc2 b5 13. a3 a5 14. g4 Nb6 15. Qg2 b4 16. Bxf6 Bxf6 17. g5 Bxe5 18. fxe5 bxc3 19. bxc3 Bc6 20. Qg4 Ba4 21. Bb1 Bb3 22. Qh5 g6 23. Qf3 Na4 24. e4 Qb6 25. h5 Qd8 26. Qg3 Nb2 27. Qh4 Rc7 28. exd5 exd5 29. hxg6 fxg6 30. Bxg6 hxg6 31. Qh8+ Kf7 32. Rf1+ Ke7 33. Qg7+ Ke6 34. Qxf8 Qxf8 35. Rxf8 Rh7 36. Rf6+ Ke7 37. Rb1 Nd3+ 38. Ke2 Rh2+ 39. Ke3 a4 40. Rbf1 Rh3+ 41. Nf3 Bc2 42. Kd2 Bb3 43. Rxg6 Rg3 44. Rf6 Rg2+ 45. Ke3 Nb2 46. Rh1 Nd1+ 47. Kf4 Nxc3 48. Rh7+ Ke8 49. Ra6 1-0

[Event "Myriam Roy op"]
[Site "Varennes CAN"]
[Date "2005.12.04"]
[Round "5"]
[White "Ye, Ling Feng"]
[Black "Hajiyev, Elshad"]
[Result "0-1"]
[WhiteElo "2090"]
[BlackElo "1972"]
[PlyCount "84"]
[GameId "2160767910838205"]
[EventDate "2005.12.02"]
[EventType "swiss"]
[EventRounds "5"]
[EventCountry "CAN"]
[SourceTitle "EXT 2009"]
[Source "ChessBase"]
[SourceDate "2008.11.26"]
[SourceVersion "1"]
[SourceVersionDate "2008.11.26"]
[SourceQuality "1"]

1. e4 e5 2. Nf3 d6 3. d4 Nd7 4. dxe5 Nxe5 5. Nxe5 dxe5 6. Qxd8+ Kxd8 7. Bc4 f6 8. O-O c6 9. Be3 Kc7 10. Rd1 Bg4 11. f3 Bh5 12. Nc3 Bb4 13. Ne2 Ne7 14. Ng3 Bg6 15. a3 Ba5 16. Rd3 Bb6 17. Kf2 Bxe3+ 18. Kxe3 Rhd8 19. Rad1 Rxd3+ 20. Rxd3 Rd8 21. Rxd8 Kxd8 22. Be6 Kc7 23. Nf5 Bxf5 24. Bxf5 Nxf5+ 25. exf5 Kd6 26. Ke4 a5 27. h4 a4 28. g4 b5 29. b4 axb3 30. cxb3 c5 31. f4 exf4 32. Kxf4 Kd5 33. Ke3 c4 34. Kd2 cxb3 35. Kc3 b2 36. Kxb2 h5 37. gxh5 Ke5 38. Kb3 Kxf5 39. Kb4 Kg4 40. Kxb5 f5 41. Kb4 f4 42. Kc3 Kg3 0-1

[Event "Nez Rouge A"]
[Site "Gatineau CAN"]
[Date "2005.11.22"]
[Round "1"]
[White "Forget, David"]
[Black "Gagnon, Fabien"]
[Result "1/2-1/2"]
[WhiteElo "2004"]
[BlackElo "2056"]
[PlyCount "51"]
[GameId "2160767910838225"]
[EventDate "2005.11.22"]
[EventType "swiss"]
[EventRounds "5"]
[EventCountry "CAN"]

1. d4 Nf6 2. c4 g6 3. Nc3 Bg7 4. e4 d6 5. Nf3 O-O 6. Be2 Nbd7 7. O-O e5 8. dxe5 dxe5 9. Bg5 h6 10. Bh4 g5 11. Bg3 Qe7 12. Nd5 Nxd5 13. cxd5 Nc5 14. Nd2 a5 15. Qc2 Bd7 16. Nb3 Nxb3 17. Qxb3 Rfc8 18. Bb5 a4 19. Qd3 c6 20. dxc6 Bxc6 21. Bxc6 Rxc6 22. Rfc1 Rd8 23. Qb5 Rxc1+ 24. Rxc1 Rd4 25. f3 Rb4 26. Qe2 1/2-1/2

[Event "Nez Rouge A"]
[Site "Gatineau CAN"]
[Date "2005.11.29"]
[Round "2"]
[White "Gagnon, Fabien"]
[Black "Mai, Lloyd"]
[Result "0-1"]
[WhiteElo "2062"]
[BlackElo "2030"]
[PlyCount "64"]
[GameId "2160767910838226"]
[EventDate "2005.11.22"]
[EventType "swiss"]
[EventRounds "5"]
[EventCountry "CAN"]

1. Nf3 g6 2. d4 Nf6 3. c4 Bg7 4. g3 O-O 5. Bg2 c5 6. O-O cxd4 7. Nxd4 Nc6 8. Nc3 Nxd4 9. Qxd4 d6 10. e4 Be6 11. Qd3 Ng4 12. b3 Re8 13. Bb2 a6 14. Na4 Bxb2 15. Nxb2 Qb6 16. h3 Ne5 17. Qe2 f5 18. exf5 Bxf5 19. Kh2 Nc6 20. Na4 Qc7 21. Rad1 e5 22. c5 Nd4 23. cxd6 Qxd6 24. Qe3 b5 25. Nc3 b4 26. Ne2 Red8 27. f4 Nc2 28. Rxd6 Nxe3 29. Rxd8+ Rxd8 30. Rf2 Rd2 31. Kg1 Rd1+ 32. Kh2 Nxg2 0-1

[Event "Nez Rouge A"]
[Site "Gatineau CAN"]
[Date "2005.11.25"]
[Round "3"]
[White "Pepin, Christian"]
[Black "Gagnon, Fabien"]
[Result "1/2-1/2"]
[WhiteElo "2104"]
[BlackElo "2030"]
[PlyCount "98"]
[GameId "2160767910838227"]
[EventDate "2005.11.22"]
[EventType "swiss"]
[EventRounds "5"]
[EventCountry "CAN"]

1. e4 c5 2. c3 e6 3. d4 d5 4. exd5 exd5 5. Nf3 Nc6 6. Be3 c4 7. b3 cxb3 8. axb3 Bd6 9. Bd3 Nf6 10. Qc2 O-O 11. O-O Bg4 12. Nbd2 Rc8 13. Bf5 Nb4 14. Qb1 Rxc3 15. Rxa7 Qb6 16. Ra4 Re8 17. Ne5 Bxf5 18. Qxf5 Nc2 19. Nb1 Rxe3 20. Qxc2 Qxb3 21. Qxb3 Rxb3 22. Nd2 Rb4 23. Rxb4 Bxb4 24. Nb3 Ne4 25. Nd3 Nd2 26. Nxb4 Nxb3 27. Rb1 Nxd4 28. Nxd5 Ra8 29. g3 b5 30. Rb4 Ra4 31. Rb2 Rc4 32. Kf1 Rc1+ 33. Kg2 Rc5 34. Ne3 Kf8 35. Rd2 Nc6 36. Kf3 Ke7 37. Ke4 b4 38. Nf5+ Kf8 39. Rd7 b3 40. Rb7 h6 41. g4 g6 42. Nxh6 Na5 43. Rb8+ Kg7 44. Ng8 Rc2 45. g5 Nc6 46. Rxb3 Kxg8 47. Rb6 Ne7 48. Kf3 Rc5 49. h4 Nf5 1/2-1/2

[Event "Nez Rouge A"]
[Site "Gatineau CAN"]
[Date "2005.12.13"]
[Round "4"]
[White "Guimond, Michel"]
[Black "Gagnon, Fabien"]
[Result "1-0"]
[WhiteElo "1900"]
[BlackElo "2060"]
[PlyCount "85"]
[GameId "2160767910838228"]
[EventDate "2005.11.22"]
[EventType "swiss"]
[EventRounds "5"]
[EventCountry "CAN"]

1. e4 e6 2. d4 d5 3. Nc3 Bb4 4. e5 c5 5. a3 Bxc3+ 6. bxc3 Nc6 7. Nf3 Nge7 8. Bd3 Qa5 9. O-O c4 10. Be2 Qxc3 11. Bd2 Qb2 12. c3 O-O 13. Rb1 Qxa3 14. Qc2 Ng6 15. h4 Qe7 16. h5 Nh4 17. h6 Nxf3+ 18. Bxf3 g6 19. Qc1 f6 20. exf6 Qxf6 21. Bg5 Qf5 22. Bd1 e5 23. dxe5 Qxe5 24. Bf3 b6 25. Re1 Qd6 26. Rb5 Rxf3 27. gxf3 Be6 28. Rb2 Rf8 29. Rbe2 Bd7 30. f4 Rf7 31. Re3 b5 32. Qd2 a5 33. Qb2 b4 34. cxb4 d4 35. Re4 Qxb4 36. Qe2 d3 37. Re8+ Rf8 38. Rxf8+ Kxf8 39. Qe4 d2 40. Rb1 Bf5 41. Qxc6 Qxb1+ 42. Kh2 Qh1+ 43. Qxh1 1-0

[Event "Nez Rouge B"]
[Site "Gatineau CAN"]
[Date "2005.12.20"]
[Round "5"]
[White "Arsenault, Yves"]
[Black "Laferriere, Bruno"]
[Result "0-1"]
[WhiteElo "1540"]
[BlackElo "1694"]
[PlyCount "68"]
[GameId "2160767910838229"]
[EventDate "2005.11.22"]
[EventType "swiss"]
[EventRounds "5"]
[EventCountry "CAN"]

1. e4 c6 2. d4 d5 3. Nc3 e6 4. Nf3 Bb4 5. exd5 exd5 6. Qe2+ Ne7 7. Bg5 O-O 8. Bxe7 Bxe7 9. Qe3 Re8 10. Be2 Bb4 11. Qd3 Bg4 12. O-O Nd7 13. a3 Bd6 14. Nd1 Qc7 15. Ne3 Bxf3 16. Bxf3 Bxh2+ 17. Kh1 Bd6 18. Nf5 Bf8 19. g3 g6 20. Ne3 Bg7 21. Kg2 Nf6 22. Rh1 Rad8 23. Rh3 Ne4 24. Bxe4 dxe4 25. Qe2 Rxd4 26. Rah1 h6 27. Ng4 h5 28. Ne3 Red8 29. Nc4 b5 30. c3 Rxc4 31. g4 hxg4 32. Rh7 Qf4 33. R7h4 Qf3+ 34. Qxf3 exf3+ 0-1

[Event "Nez Rouge B"]
[Site "Gatineau CAN"]
[Date "2005.12.20"]
[Round "5"]
[White "Libersan, Mattieu"]
[Black "Blouin, Francois"]
[Result "1-0"]
[WhiteElo "1800"]
[BlackElo "1532"]
[PlyCount "107"]
[GameId "2160767910838230"]
[EventDate "2005.11.22"]
[EventType "swiss"]
[EventRounds "5"]
[EventCountry "CAN"]

1. e4 e6 2. d4 d5 3. Nc3 Nf6 4. Bg5 Be7 5. e5 Nfd7 6. h4 c5 7. Bxe7 Kxe7 8. Nf3 Qb6 9. Na4 Qa5+ 10. c3 b6 11. a3 c4 12. b4 cxb3 13. Qxb3 Ba6 14. Bxa6 Nxa6 15. O-O b5 16. Nb2 Rhc8 17. Rfc1 Qb6 18. Nd1 Rab8 19. Ne3 Qc6 20. Rab1 Nc7 21. Qc2 g6 22. h5 Nb6 23. Ng4 Nc4 24. Nf6 Nxa3 25. Qd2 Ne8 26. Qg5 Nxf6 27. Qxf6+ Ke8 28. Ng5 Rb7 29. Ra1 Nc4 30. Nxh7 gxh5 31. Qg7 Ke7 32. Ng5 Qe8 33. Ra6 Nb6 34. Rca1 Ra8 35. f4 Qf8 36. Qf6+ Kd7 37. Nxf7 Kc6 38. Qxe6+ Kc7 39. Nd6 Qd8 40. Nxb5+ Kb8 41. Nd6 Re7 42. Rxb6+ axb6 43. Rxa8+ Kxa8 44. Qc8+ Qxc8 45. Nxc8 Rb7 46. Nd6 Rc7 47. e6 Rxc3 48. e7 Re3 49. e8=Q+ Rxe8 50. Nxe8 Kb7 51. Nf6 h4 52. Nxd5 Kc6 53. Nc3 Kd6 54. Kh2 1-0